000 00444nam a22001817a 4500
003 MPLRDC
005 20220104175042.0
008 210129b ||||| |||| 00| 0 eng d
020 _a983-50-0100-6
082 _a524.9461 KWA 1995
100 _aTEAH HAK KWANG
245 _aMODEL JAWAPAN SPM BIOLOGI KBSM
_c
250 _a第二版
260 _a
_bPENERBITAN PELANGI
_c1985
300 _b
650 _a
942 _cBK
_o524.9461 KWA 1995
999 _c60174
_d60164